000 00311nam a2200133Ia 4500
008 230525s9999 xx 000 0 und d
082 _a915.487
_bNARE
100 _aNARAYAN,R.K
245 0 _aEmerald Route
260 _aDelhi
_bVision Books
_c1988
300 _a147
650 _aGeography/Travel
942 _cBK
999 _c3104
_d3104